Carbon trading potential of biodiesel from natural rubber seed oil (Record no. 53039)

MARC details
000 -LEADER
fixed length control field 00619nam a2200181Ia 4500
100 ## - MAIN ENTRY--AUTHOR NAME
Personal name Veeraputhran S.
245 #0 - TITLE STATEMENT
Title Carbon trading potential of biodiesel from natural rubber seed oil
260 ## - PUBLICATION, DISTRIBUTION, ETC. (IMPRINT)
Name of publisher National Workshop on Clean Development Mechanism and the Indian Rubber Sector, 12 August 2005, Rubber Research Institute of India, Kottayam, India.
Year of publication 2005
650 ## - SUBJECT ADDED ENTRY--TOPICAL TERM
Topical Term Biodiesel
650 ## - SUBJECT ADDED ENTRY--TOPICAL TERM
Topical Term Carbon trading
650 ## - SUBJECT ADDED ENTRY--TOPICAL TERM
Topical Term CER
650 ## - SUBJECT ADDED ENTRY--TOPICAL TERM
Topical Term Clean development mechanism
650 ## - SUBJECT ADDED ENTRY--TOPICAL TERM
Topical Term Rubber seed oil
700 ## - ADDED ENTRY--PERSONAL NAME
Personal name George B.
700 ## - ADDED ENTRY--PERSONAL NAME
Personal name Varkey J.K.
942 ## - ADDED ENTRY ELEMENTS (KOHA)
Koha item type Bibliography STAF
Holdings
Withdrawn status Lost status Damaged status Not for loan Home library Current library Date acquired Koha item type
      Bibliography RRII Library RRII Library 09/04/2014 Bibliography STAF